<?xml version="1.0" encoding="UTF-8"?>
<collection xmlns="http://www.loc.gov/MARC21/slim">
<record>
  <controlfield tag="001">1914</controlfield>
  <controlfield tag="005">20160701171655.0</controlfield>
  <datafield tag="037" ind1=" " ind2=" ">
    <subfield code="a">ASTROimport-71</subfield>
  </datafield>
  <datafield tag="100" ind1=" " ind2=" ">
    <subfield code="a">Grevesse, N.</subfield>
  </datafield>
  <datafield tag="260" ind1=" " ind2=" ">
    <subfield code="c">1990</subfield>
  </datafield>
  <datafield tag="245" ind1=" " ind2=" ">
    <subfield code="a">Identification of solar vibration-rotation lines of NH and the solar nitrogen abundance</subfield>
  </datafield>
  <datafield tag="520" ind1=" " ind2=" ">
    <subfield code="a">High resolution solar spectra obtained from the ATMOS Fourier Transform Spectrometer (Spacelab 3 flight on April 29 - May 6, 1985) made it possible to detect for the first time vibration-rotation lines of NH from the X3 Sigma(-) state near 3 microns. Using recent theoretical results for the transition probabilities of 23 selected measured lines of the 1-0 and 2-1 bands, a solar abundance of nitrogen of 8.06 + or - 0.07 is derived. This value is compared with the result derived from N I lines and agrees with the abundance obtained from the 3s-3p, 3p-3d and 3s-prime - 3p-prime transitions, A(N) = 8.00 + or - 0.09. The final recommended solar abundance of nitrogen is A(N) = 8.00 + or - 0.05. </subfield>
  </datafield>
  <datafield tag="700" ind1=" " ind2=" ">
    <subfield code="a"> Lambert, D. L.</subfield>
  </datafield>
  <datafield tag="700" ind1=" " ind2=" ">
    <subfield code="a"> Sauval, A. J.</subfield>
  </datafield>
  <datafield tag="700" ind1=" " ind2=" ">
    <subfield code="a"> van Dishoeck, E. F.</subfield>
  </datafield>
  <datafield tag="700" ind1=" " ind2=" ">
    <subfield code="a"> Farmer, C. B.</subfield>
  </datafield>
  <datafield tag="700" ind1=" " ind2=" ">
    <subfield code="a"> Norton, R. H.</subfield>
  </datafield>
  <datafield tag="773" ind1=" " ind2=" ">
    <subfield code="p">Astronomy and Astrophysics</subfield>
    <subfield code="v">232</subfield>
    <subfield code="y">1990</subfield>
    <subfield code="c">225-230</subfield>
  </datafield>
  <datafield tag="856" ind1="4" ind2="2">
    <subfield code="a">http://esoads.eso.org/abs/1990A%26A...232..225G</subfield>
  </datafield>
  <datafield tag="905" ind1=" " ind2=" ">
    <subfield code="a">published in</subfield>
  </datafield>
  <datafield tag="980" ind1=" " ind2=" ">
    <subfield code="a">REFERD</subfield>
  </datafield>
</record>
</collection>